00538nam a2200157Ia 4500008004100000020001800041022001300059040001300072082001400085100001700099245011800116260002800234300001900262500005300281650004600334191130s1995##################000#0#eng## a9783631468418 a95181779 aACLcACL a193 WAL.2 aWalker, John aHistory, spirit, and experience : Hegel's conception of the historical task of philosophy in his agecJohn Walker aBernbPeter Langcc1995 a179 p. ; 22 cm aIncludes bibliographical references (p. 175-179) aHegel, Georg Wilhelm Friedrich, 1770-1831